African Journal of Public Administration and Environmental Studies (AJOPAES)

Furkejuvvon:
Bibliográfalaš dieđut
Materiálatiipa: Elektrovnnalaš Áigepublikašuvdna
Giella:meroštallameahttun
Fáttát:
Liŋkkat:Full text available from Social Science Database: 06/01/2022 to present
Fáddágilkorat: Lasit fáddágilkoriid
Eai fáddágilkorat, Lasit vuosttaš fáddágilkora!

MARC

LEADER 00000nas a2200000Ia 4500
001 ssj0002992834
003 WaSeSS
005 20240317044553.0
006 m d
007 cr n
008 240308c99999999xx |||||s|||||| ||und||
022 |y 2753-3174 
035 |a (WaSeSS)ssj0002992834 
040 |d WaSeSS 
245 0 0 |a African Journal of Public Administration and Environmental Studies (AJOPAES)  |h [electronic resource] 
506 |a License restrictions may limit access. 
655 0 |a Electronic journals. 
856 4 0 |z Full text available from Social Science Database: 06/01/2022 to present  |u https://wwwproquest.unach.elogim.com/intermediateredirectforezproxy